000 00818nam a2200229 4500
001 124082
003 ES-MaACL
005 20250828090941.0
007 t|
008 070214s1958 sp r ||||1| spa d
100 1 _aRanwez, Pierre.
_995438
245 1 0 _aUnidos hacia el Señor :
_bla formación religiosa en la familia /
_cP. Ranwez, S.J.J., M.L. Defossa y J. Gerard-Libois ; [traducción por Isidoro Martín].
260 _aMadrid :
_bSociedad de Educación Atenas,
_c1958.
300 _a190 p. ;
_c22 cm.
490 1 _aFrente a frente ;
_v3
650 7 _aEducación religiosa
_2embne
_912119
700 1 _aMartín Martínez, Isidoro.
_977559
710 2 _aSociedad de Educación Atenas
_96665
830 1 _aFrente a frente ;
_v3
_9182947
852 _aES-MaACL
_jC-16260
999 _c124082
_d124082